Influence of soot carbon on the soil-air partitioning of polycyclic aromatic hydrocarbons /

সংরক্ষণ করুন:
গ্রন্থ-পঞ্জীর বিবরন
অন্যান্য লেখক: Dachs, Jordi., Drooge, Barend Van., Grimalt, Joan O., Gustafsson, Orjan., Ribes, Sandra.
বিন্যাস: প্রবন্ধ
ভাষা:English
বিষয়গুলি:
ট্যাগগুলো: ট্যাগ যুক্ত করুন
কোনো ট্যাগ নেই, প্রথমজন হিসাবে ট্যাগ করুন!
Thư viện lưu trữ: Thư viện Trường Đại học Đà Lạt
LEADER 01001nam a2200337 4500
001 DLU090093812
005 ##20091201
040 # # |a DLU  |b eng 
041 # # |a eng 
044 # # |a us 
245 # # |a Influence of soot carbon on the soil-air partitioning of polycyclic aromatic hydrocarbons /  |c Sandra Ribes ... [et al.]. 
653 # # |a Fluoranthene 
653 # # |a Hydrocarbon 
653 # # |a Partition coefficient 
653 # # |a Soil pollution 
653 # # |a Soot 
700 # # |a Dachs, Jordi. 
700 # # |a Drooge, Barend Van. 
700 # # |a Grimalt, Joan O. 
700 # # |a Gustafsson, Orjan. 
700 # # |a Ribes, Sandra. 
773 # # |t Environmental Science & Technology  |g Vol. 37, no. 12 (June 2003), p. 2675-2680 
920 # # |a Phòng Tạp chí -- Trung tâm Thông tin - Thư viện Trường Đại học Đà Lạt 
994 # # |a DLU 
900 # # |a True 
911 # # |a Trương Bảo Trâm Anh 
925 # # |a G 
926 # # |a A 
927 # # |a BB 
980 # # |a Thư viện Trường Đại học Đà Lạt